000
00244nam a2200097 i 4500
020
_a
9789365472189
100
_a
Dey, Saumya
245
_a
Bhu: From Inception to Crisis (1915–65)
260
_a
India
_b
Blue Bird India Ltd
_c
2022
082
_a
720 DEY
999
_c
18875
_d
18875